000 00316nam a2200133Ia 4500
005 20260328104318.0
008 260328s9999||||xx |||||||||||||| ||und||
100 _aJohnson, R, Bradford
245 0 _aAcrylics /
_cR, Bradford Johnson
260 _bWalter Foster
300 _a64 p.
650 _aDIBUJO
942 _cBK
999 _c11255
_d11255